Every A and over B City in Canada and the US - Statistics

General Stats
  • This quiz has been taken 6 times
  • The average score is 64 of 94
Answer Stats
Answer Tier % Correct
Atlanta A-
100%
Austin B+
100%
Baltimore B
100%
Boston A-
100%
Buffalo B+/B
100%
Chicago A
100%
Cincinnati B+
100%
Dallas A-
100%
Denver A-
100%
Detroit A-/B+
100%
Fresno B+/B
100%
Houston A-
100%
Indianapolis B+
100%
Las Vegas B+
100%
Los Angeles A
100%
Miami A
100%
Minneapolis A-/B+
100%
Montreal A-
100%
New Orleans B+/B
100%
New York City A+
100%
Orlando A-/B+
100%
Philadelphia A-
100%
Phoenix A-
100%
Pittsburgh B+
100%
Salt Lake City B+
100%
San Diego A-/B+
100%
Seattle A-
100%
St Louis B+
100%
Vancouver A-/B+
100%
Washington D.C A
100%
Cleveland B+
83%
Columbus B+
83%
El Paso B+/B
83%
Jacksonville B+
83%
Kansas City B+
83%
Louisville B
83%
Memphis B+/B
83%
Milwaukee B+/B
83%
Nashville B+
83%
Omaha B
83%
Ottawa B+/B
83%
Portland B+
83%
Sacramento B+
83%
San Antonio B+
83%
San Francisco A-
83%
San Jose B+
83%
Tampa A-/B+
83%
Toronto A
83%
Anchorage B
67%
Bakersfield B
67%
Birmingham B
67%
Boise B
67%
Calgary B+
67%
Colorado Springs B
67%
Edmonton B+
67%
Oklahoma City B+/B
67%
Quebec City B+/B
67%
Raleigh B+/B
67%
Spokane B
67%
St Paul B
67%
Tucson B+/B
67%
Winnipeg B+/B
67%
Albuquerque B+/B
50%
Anaheim B
50%
Charlotte B+
50%
Fort Worth B+/B
50%
Halifax B
50%
Hamilton B
50%
Hartford B+/B
50%
Providence B
50%
Richmond B+/B
50%
Stockton B
50%
Tacoma B
50%
Cape Coral B+/B
33%
Fort Lauderdale B
33%
Grand Rapids B
33%
Jersey City B
33%
London B
33%
Long Beach B
33%
Mississauga B
33%
Newark B+/B
33%
Oakland B
33%
Riverside B+/B
33%
Tulsa B
33%
Greensboro B+/B
17%
Harrisburg B
17%
Knoxville B
17%
Mesa B
17%
Virginia Beach B+/B
17%
Chattanooga B
0%
McAllen B
0%
San Bernadino B+
0%
Sarasota B
0%
Winston-Salem B
0%
No matching quizzes found
Score Distribution
Percent of People with Each Score
Percentile by Number Answered
Your Score History
You have not taken this quiz